Missing Word: Tinker, Tailor, Soldier, Spy Quiz Stats

 Plays Quiz Updated Sep 27, 2014

Challenge
Share
Tweet
Embed
Score 0/20 Timer 03:00
0 Plays Today
Hint Missing Word % Correct
TinkerMan
99.3%
SoldierSaving
96.9%
TailorDevil
96.7%
SoldierDown
93.3%
TinkerBill
92.7%
SoldierJacket
90.6%
SoldierLine
89.6%
SpyBourne
89.2%
SpyShagged
81.9%
SpyRussia
81.6%
Hint Missing Word % Correct
SpySolace
80.1%
SpyKids
76.2%
SpyThree
47.1%
TailorChanel
46.5%
SoldierFlags
41.1%
TinkerKingdom
39.5%
TailorWear
29.6%
TailorFace
24.9%
SoldierAct
17.8%
TinkerFists
17.5%

Today's Daily Dose

Missing Word
Animated TV Series

Word Ladder
Boston

Quick Pick
'H' Literature

On This Day
August 16th II

You're not logged in!

Compare scores with friends on all Sporcle quizzes.
Join for Free
OR
Log In

You Might Also Like...

Show Comments

Extras

Top Quizzes Today


Score Distribution

Your Account Isn't Verified!

In order to create a playlist on Sporcle, you need to verify the email address you used during registration. Go to your Sporcle Settings to finish the process.

Report this User

Report this user for behavior that violates our Community Guidelines.

Details: